000 00478nam a2200169Ia 4500
003 GCL
008 140319s9999 xx 000 0 eng d
040 _aGCL /
_cGCL
082 0 4 _a621.38456
_bL M
100 1 _aMOUSTAFA, A.R.
245 1 0 _aMOBILE COMMUNICATIONS DEALER FUNDAMENTALS 2nd ed /
_cMOUSTAFA, A.R.
260 _a[S.N] :
_bMACMILLAN PUBLISHING COMPANY ،
_c1993
300 _a372 P
650 0 4 _aCOMMUNICATIONS
650 0 4 _aCOMMUNICATIONS SYSTEM
942 _2ddc
_cBK
999 _c17671
_d17671